000
00332nam a22001217a 4500
999
_c
410
_d
410
005
20200812165054.0
008
200812b ||||| |||| 00| 0 eng d
020
_a
5729
040
_c
CML
245
_a
Faith for Modern Man.
_c
Gilkes, A.N.
260
_a
London
_b
Faber and Faber
_c
1960
942
_2
ddc
_c
BK
_h
234.2
_m
GIL